Akumulátor elektrickej energie na báze vybraného typu vratnej konverzie energií
Uložené v:
| Hlavný autor: | |
|---|---|
| Ďalší autori: | |
| Médium: | Rukopis Kniha |
| Jazyk: | Slovak |
| Vydavateľské údaje: |
Bratislava :
STU v Bratislave FEI, 2022
|
| Predmet: | |
| On-line prístup: | https://opac.crzp.sk/?fn=detailBiblioFormChildQD84K&sid=378281AEB05FBF717137C8A6EBFA&seo=CRZP-detail-kniha |
| Tagy: |
Žiadne tagy, Buďte prvý, kto otaguje tento záznam!
|
MARC
| LEADER | 00000ntm a22000003a 4500 | ||
|---|---|---|---|
| 001 | stuzp82711 | ||
| 003 | SK-STU | ||
| 005 | 20230308100506.6 | ||
| 007 | ta | ||
| 008 | 150427s2015----xo-----f-mn---000-0-slo-d | ||
| 040 | |a STU |b slo | ||
| 041 | 0 | |a slo | |
| 044 | |a xo | ||
| 100 | 1 | |a Šenkárik, Dominik |u 032000 |4 aut |U FEI Fakulta elektrotechniky a informatiky |T FEI Ústav elektroenergetiky a aplikovanej elektrotechniky |X 92504 |U E020 |Y 548 |7 92504 | |
| 242 | 0 | 1 | |a Electric energy storage based on selected type of reversible energy conversion |y eng |
| 245 | 1 | 0 | |a Akumulátor elektrickej energie na báze vybraného typu vratnej konverzie energií |
| 260 | |a Bratislava : |c STU v Bratislave FEI, |c 2022 | ||
| 300 | |a 70 s. | ||
| 650 | 4 | |a akumulácia |2 slo | |
| 650 | 4 | |a úložisko energie |2 slo | |
| 650 | 4 | |a vratná konverzia energie |2 slo | |
| 650 | 4 | |a diagram riadenia |2 slo | |
| 650 | 4 | |a accumulation |2 eng | |
| 650 | 4 | |a energy storage |2 eng | |
| 650 | 4 | |a reversible energy conversion |2 eng | |
| 650 | 4 | |a control diagram |2 eng | |
| 700 | 1 | |a Pípa, Marek |u 032000 |k Z1 |4 ths |U FEI Fakulta elektrotechniky a informatiky |T FEI Ústav elektroenergetiky a aplikovanej elektrotechniky |X 2666 |U E020 |Y 548 |7 A000002666 | |
| 856 | 4 | |u https://opac.crzp.sk/?fn=detailBiblioFormChildQD84K&sid=378281AEB05FBF717137C8A6EBFA&seo=CRZP-detail-kniha | |